ARRUPE JESUIT UNIVERSITY

CORONAVIRUS -STOP THE SPREAD - CLEAN,DISINFECT,COVER

Mind the stop; (Record no. 128321)

MARC details
000 -LEADER
fixed length control field 00847cam a22002651 4500
001 - CONTROL NUMBER
control field 10286096
003 - CONTROL NUMBER IDENTIFIER
control field ARRUPE
005 - DATE AND TIME OF LATEST TRANSACTION
control field 20181008112401.0
008 - FIXED-LENGTH DATA ELEMENTS--GENERAL INFORMATION
fixed length control field 780220s1958 xx 000 0 eng
010 ## - LIBRARY OF CONGRESS CONTROL NUMBER
LC control number 58014972
035 ## - SYSTEM CONTROL NUMBER
System control number (OCoLC)3653441
040 ## - CATALOGING SOURCE
Original cataloging agency DLC
Transcribing agency SdSifC
Modifying agency DLC
042 ## - AUTHENTICATION CODE
Authentication code premarc
050 00 - LIBRARY OF CONGRESS CALL NUMBER
Classification number PE1450
Item number .C35 1958
082 ## - DEWEY DECIMAL CLASSIFICATION NUMBER
Classification number 421.9
300 ## - PHYSICAL DESCRIPTION
Other physical details illus.
Dimensions 17 cm.
100 1# - MAIN ENTRY--PERSONAL NAME
Personal name Carey, Gordon Vero,
Dates associated with a name 1886-
9 (RLIN) 42783
245 10 - TITLE STATEMENT
Title Mind the stop;
Remainder of title a brief guide to punctuation with a note on proof-correction.
Statement of responsibility, etc Gordon Vero Carey
260 ## - PUBLICATION, DISTRIBUTION, ETC. (IMPRINT)
Place of publication, distribution, etc Middlesex
Name of publisher, distributor, etc Penguin Books,
Date of publication, distribution, etc 1958.
300 ## - PHYSICAL DESCRIPTION
Extent 130 p.
650 #0 - SUBJECT ADDED ENTRY--TOPICAL TERM
Topical term or geographic name as entry element English language
General subdivision Punctuation.
9 (RLIN) 42784
650 #0 - SUBJECT ADDED ENTRY--TOPICAL TERM
Topical term or geographic name as entry element Proofreading.
9 (RLIN) 42785
906 ## - LOCAL DATA ELEMENT F, LDF (RLIN)
a 7
b cbc
c oclcrpl
d u
e ncip
f 19
g y-gencatlg
942 ## - ADDED ENTRY ELEMENTS (KOHA)
Source of classification or shelving scheme Library of Congress Classification
Koha item type Monograph ( Printed materials)
Holdings
Withdrawn status Lost status Source of classification or shelving scheme Damaged status Not for loan Collection code Home library Current library Shelving location Date acquired Total Checkouts Full call number Barcode Date last seen Price effective from Koha item type
    Library of Congress Classification     Main Collection ARRUPE LIBRARY ARRUPE LIBRARY Main Collection 08/10/2018   PE1450 .C35 1958 46600002883 08/10/2018 08/10/2018 Monograph ( Printed materials)

 

Arrupe Library. PO Box MP320 Mt Pleasant, Harare, Zimbabwe
263 242 745411|librarian@aju.ac.zw